Der leitstern. (Record no. 15180)

MARC details
000 -LEADER
fixed length control field 00688cam a22002171 4500
001 - CONTROL NUMBER
control field ca 17002488
003 - CONTROL NUMBER IDENTIFIER
control field DLC
005 - DATE AND TIME OF LATEST TRANSACTION
control field 20260227111104.0
008 - FIXED-LENGTH DATA ELEMENTS--GENERAL INFORMATION
fixed length control field 811027s1898 cauaf 000 0 eng
010 ## - LIBRARY OF CONGRESS CONTROL NUMBER
LC control number ca 17002488
035 ## - SYSTEM CONTROL NUMBER
System control number (OCoLC)7881055
040 ## - CATALOGING SOURCE
Original cataloging agency DLC
Transcribing agency OKentU
Modifying agency DLC
042 ## - AUTHENTICATION CODE
Authentication code premarc
050 00 - LIBRARY OF CONGRESS CALL NUMBER
Classification number PF3117
Item number .C65 1898
100 1# - MAIN ENTRY--PERSONAL NAME
Personal name Colby, W. Irving
Fuller form of name (William Irving),
Dates associated with a name 1852-1906.
245 14 - TITLE STATEMENT
Title Der leitstern.
Remainder of title An advanced conversational book.
Statement of responsibility, etc. By W. Irving Colby.
250 ## - EDITION STATEMENT
Edition statement 2. ed.
260 ## - PUBLICATION, DISTRIBUTION, ETC.
Place of publication, distribution, etc. Oakland, Cal.,
Name of publisher, distributor, etc. W. Irving Colby ;
Place of publication, distribution, etc. Syracuse, N.Y.,
Name of publisher, distributor, etc. G.A. Mosher,
Date of publication, distribution, etc. 1898.
300 ## - PHYSICAL DESCRIPTION
Extent 158 p.
Other physical details illus., plates (1 col.)
Dimensions 20 cm.
650 #0 - SUBJECT ADDED ENTRY--TOPICAL TERM
Topical term or geographic name entry element German language
General subdivision Readers.

No items available.

Powered by Koha